000 02659nam a2200277 a 4500
001 000041387
003 DO-SdBNP
005 20260321073643.0
008 100222s 2000 dr a 001 0bspa d
020 _a9789993467724
040 _aDO-SdBNP
_bspa
_cBNPHU
082 _aBNPHU PD 923.27293
_bB742M, 2000
100 1 _aMansilla, Luis Alberto
_935896
245 1 4 _aLos días chilenos de Juan Bosch /
_cLuis Alberto Mansilla ; introducción Vicente Bengoa Albizu; prólogo Volodia Teitelboim.
250 _a2a. ed.
260 _aSanto Domingo :
_bBanco de Reservas,
_c2000.
300 _a294 p. :
_bil. ;
_c23 cm.
505 0 _tIntroducción /
_rVicente Bengoa --
_tPrólogo /
_rVoloida Teitelboim --
_gUn avecindado en Chile --
_tSantiago a la vista ;
_tLas tertulias de nacimiento ;
_tLa muchacha y Cuba ;
_tTé con el crítico Alone ;
_tLa vieja y la nueva generación ;
_tEl amigo Salvador Allende ;
_tEl mundo se agita --
_gUna larga marcha --
_tLos primeros años ;
_tUna temporada en otros mundos ;
_tEl escritor rebelde ;
_tHostos, el sembrador ;
_tLos años en La Habana ;
_tDespués del fin del tirano ;
_gTres libros publicados en Chile --
_tLa muchacha de La Guaira ;
_tCuba, la isla fascinante ;
_tJudas Iscariote, el calumniado ;
_gTrujillo según Bosch --
_gGolpe en la noche --
_tLa llegada al poder --
_tCampaña de mentiras ;
_tEl golpe en la noche ;
_tRelato de la traición ;
_tLos envenenadores --
_gCrónica chilena de un levantamiento solidario ¡Viva Santo Domingo! --
_tChile frente a la intervención norteamiercana de 1955 --
_tLa primera amenaza ;
_tUn informe confidencial ;
_tLa visita de Mr. Harriman ;
_tUn mitin de los trabajadores ;
_tLas decisiones de Allende ;
_tLas mujeres y los estudiantes católicos ;
_tUn dominicano Javier ;
_tViolencia contra representantes chilenos --
_gEscritos sobre Chile en la hora de los hornos --
_tUn taller de baterías ;
_tDe Santo Domingo a Molinos de Niebla ;
_tDe Santiago de Chile a Río de Janeiro ;
_tEl triunfo de Allende y la lucha popular ;
_tAlgunas diferencias entre Chile y la República Dominicana ;
_tEl fascismo en Chile --
_gApéndice --
_tComentarios de Alone sobre los libros de Juan Bosch --
_gAnexo I: El golpe de Estado a Bosch visto por los chilenos y otras imágenes --
_gAnexo II: El golpe de Estado a Allende visto por los dominicanos y otros documentos --
_gÍndice onomástico
600 1 0 _a Bosch, Juan,
_d1909-2001
_976555
651 1 4 _aChile
_xPolítica y Gobierno
_925626
651 1 4 _aChile
_xHistoria
_yGolpe de Estado, 1973
_935897
700 1 2 _aBengoa Albizu, Vicente,
_eintrod.
_968038
700 1 2 _aTeitelboim, Volodia,
_eprol.
_946016
910 _aValidado. Control de calidad MFF
942 _2ddc
_cLBS1
999 _c40877
_d40877